| 000 | 00622nam a22001457a 4500 | ||
|---|---|---|---|
| 005 | 20170828151020.0 | ||
| 020 |
_a8173913943 _c000.00 |
||
| 035 | _aB-058933 | ||
| 037 |
_aDPL _bENG |
||
| 100 | _aRana, Kranti | ||
| 245 |
_aPeople's Participation and Voluntary Action: _cby Kranti Rana _bDimensions, Roles and strategies/ |
||
| 260 |
_aNew Delhi _bKanishka Publishers, Distributors _c2001 |
||
| 300 |
_a xii,324p. _c23 cms. |
||
| 942 |
_2ddc _cEN _h060 _mRAN |
||
| 999 |
_c63586 _d63586 |
||